Just Writing : (Record no. 30)

MARC details
000 -LEADER
fixed length control field 00838cam a2200253 a 4500
003 - CONTROL NUMBER IDENTIFIER
control field OSt
005 - DATE AND TIME OF LATEST TRANSACTION
control field 20170712173528.0
008 - FIXED-LENGTH DATA ELEMENTS--GENERAL INFORMATION
fixed length control field 170712b xxu||||| |||| 00| 0 eng d
020 ## - INTERNATIONAL STANDARD BOOK NUMBER
International Standard Book Number 0735549559
020 ## - INTERNATIONAL STANDARD BOOK NUMBER
International Standard Book Number 0735549567 (teacher's manual)
040 ## - CATALOGING SOURCE
Original cataloging agency LDCLIB
Transcribing agency LDCLIB
082 00 - DEWEY DECIMAL CLASSIFICATION NUMBER
Classification number 340.0149
Edition number 22
Item number ENQ
100 1# - MAIN ENTRY--PERSONAL NAME
Personal name Enquist, Anne.
9 (RLIN) 89
245 10 - TITLE STATEMENT
Title Just Writing :
Remainder of title grammar, punctuation, and style for the legal writer /
Statement of responsibility, etc Anne Enquist and Laurel Currie Oates.
250 ## - EDITION STATEMENT
Edition statement 2nd ed.
260 ## - PUBLICATION, DISTRIBUTION, ETC. (IMPRINT)
Place of publication, distribution, etc New York :
Name of publisher, distributor, etc Aspen Publishers,
Date of publication, distribution, etc c2005.
300 ## - PHYSICAL DESCRIPTION
Extent xv, 339 p. :
Other physical details ill. ;
Dimensions 26 cm. +
Accompanying material 1 CD-ROM.
504 ## - BIBLIOGRAPHY, ETC. NOTE
Bibliography, etc Includes bibliographical references and index.
650 #0 - SUBJECT ADDED ENTRY--TOPICAL TERM
Topical term or geographic name as entry element Legal composition.
9 (RLIN) 39
650 #0 - SUBJECT ADDED ENTRY--TOPICAL TERM
Topical term or geographic name as entry element Eloquence.
9 (RLIN) 90
650 #0 - SUBJECT ADDED ENTRY--TOPICAL TERM
Topical term or geographic name as entry element Legal correspondence
Geographic subdivision United States.
9 (RLIN) 91
700 1# - ADDED ENTRY--PERSONAL NAME
Personal name Oates, Laurel Currie.
9 (RLIN) 92
942 ## - ADDED ENTRY ELEMENTS (KOHA)
Source of classification or shelving scheme Dewey Decimal Classification
Koha item type Books
Holdings
Withdrawn status Lost status Source of classification or shelving scheme Damaged status Not for loan Home library Current library Shelving location Date acquired Total Checkouts Full call number Barcode Date last seen Price effective from Koha item type
    Dewey Decimal Classification     Law Development Centre Main Library Law Development Centre Main Library Text Books and Laws 04/06/2011   340.0149 ENQ 0706 04/06/2011 04/06/2011 Books